000 00531nam a2200193 a 4500
001 6973
003 CO-ViMGA
008 141112s2004 ck r 000 u spa d
040 _aCO-ViMGA
_bspa
_cCO-ViMGA
082 0 4 _a346.086 P657s
100 1 _aPontificia Universidad Javeriana
245 1 0 _aLos seguros y el derecho civil /
_cBarrera Tapias arlos Darío
260 _aBogotá :
_bLa Universidad,
_c1991
300 _a105 p
490 _aProfesores, 2
650 1 4 _aDERECHO CIVIL
650 1 4 _aSEGUROS
_95999
942 _2ddc
_cBK
999 _c18940
_d18940